[Event "Mondiale Semilampo FIDE 2024"]
[Site "New York"]
[Date "28.12.2024"]
[Round "10.58"]
[White "Suleymenov, Alisher"]
[Black "Hakobyan, Aram"]
[Result "0-1"]
[WhiteTitle "GM"]
[BlackTitle "GM"]
[WhiteElo "2500"]
[BlackElo "2625"]
[WhiteFideId "13707833"]
[BlackFideId "13306677"]
[EventDate "26.12.2024"]

1. d4 Nf6 2. c4 g6 3. Nc3 Bg7 4. e4 d6 5. Nf3 O-O 6. Be2 e5 7. O-O Qe8 8. dxe5
dxe5 9. b4 Bg4 10. b5 Bxf3 11. Bxf3 Qe6 12. Nd5 Rc8 13. Ba3 Bf8 14. Bxf8 Kxf8
15. Qd2 Kg7 16. Nxf6 Qxf6 17. Rfd1 h5 18. Rac1 c6 19. a4 Qe7 20. Qd6 Qxd6 21.
Rxd6 cxb5 22. axb5 a6 23. Ra1 Kf8 24. Be2 Ke7 25. Rad1 axb5 26. cxb5 Ra1 27.
Rxa1 Kxd6 28. g4 hxg4 29. Bxg4 Rc4 30. Ra8 Nd7 31. Bxd7 Kxd7 32. Rb8 Rxe4 33.
Rxb7+ Ke6 34. b6 Rb4 35. Kg2 g5 36. h3 Rb3 37. Rb8 Kf5 38. Rb7 f6 39. Rb8 Kf4
40. b7 f5 41. h4 gxh4 42. Rh8 Rxb7 43. Rxh4+ Kg5 44. Ra4 e4 45. Ra3 Rb2 46. Rg3+
Kf6 47. Ra3 f4 48. Kg1 Kf5 49. Ra4 Rb1+ 50. Kg2 f3+ 51. Kh2 Rf1 52. Ra2 Kf4 53.
Rb2 Ke5 54. Ra2 Re1 55. Ra5+ Kf4 56. Ra8 Rf1 57. Ra2 Kg4 58. Rb2 Kf5 59. Rb5+
Kf4 60. Rb2 Re1 61. Rb8 Ke5 62. Re8+ Kd4 63. Kg3 Kd3 64. Kf4 Rh1 65. Ra8 Rh2 66.
Ra2 Rg2 67. Rb2 Rg8 68. Rb3+ Ke2 69. Rb2+ Kf1 70. Kxe4 Kg2 71. Ra2 Re8+ 72. Kd3
Kf1 73. Rb2 Re2 74. Rb8 Kxf2 75. Rh8 Re3+ 76. Kd2 Re7 77. Kd3 Rd7+ 78. Kc2 Ke2
79. Re8+ Kf1 80. Rf8 f2 81. Kc3 Rg7 82. Kd2 Kg2 0-1

[Event "Mondiale Semilampo FIDE 2024"]
[Site "New York"]
[Date "28.12.2024"]
[Round "10.59"]
[White "Escobar Forero, Alder"]
[Black "Chirila, Ioan-Cristian"]
[Result "0-1"]
[WhiteTitle "GM"]
[BlackTitle "GM"]
[WhiteElo "2420"]
[BlackElo "2530"]
[WhiteFideId "4400801"]
[BlackFideId "1211668"]
[EventDate "26.12.2024"]

1. e4 c5 2. Nf3 e6 3. d4 cxd4 4. Nxd4 a6 5. Bd3 Ne7 6. O-O Nbc6 7. Nb3 d5 8. Nc3
dxe4 9. Bxe4 Qc7 10. g3 g6 11. a4 Bg7 12. a5 O-O 13. Be3 e5 14. Bb6 Qb8 15. Nc5
Nd4 16. Nd5 Nxd5 17. Bxd5 Qd6 18. Bg2 Qe7 19. c3 Nc6 20. Qd5 h5 21. Rfe1 h4 22.
Ra4 h3 23. Bh1 Re8 24. f4 Be6 25. Qf3 Rac8 26. Qf2 Qd6 27. Nxb7 Qb8 28. Nc5 Bf5
29. Nxa6 Qd6 30. Nc5 exf4 31. Rxf4 Rxe1+ 32. Qxe1 Nxa5 33. Na4 Nc4 34. Bd4 Bh6
35. Rf2 Rb8 36. b4 Na3 37. Re2 Nc2 38. Re8+ Kh7 39. Rxb8 Qxb8 40. Qf2 Nxd4 41.
Qxd4 Qe8 0-1

[Event "Mondiale Semilampo FIDE 2024"]
[Site "New York"]
[Date "28.12.2024"]
[Round "10.60"]
[White "Sardana, Rishi"]
[Black "Grebnev, Aleksey"]
[Result "1/2-1/2"]
[WhiteTitle "IM"]
[BlackTitle "GM"]
[WhiteElo "2466"]
[BlackElo "2555"]
[WhiteFideId "25004301"]
[BlackFideId "34189030"]
[EventDate "26.12.2024"]

1. e4 c5 2. Nf3 d6 3. Bb5+ Nd7 4. O-O a6 5. Bxd7+ Bxd7 6. c3 Nf6 7. Re1 e6 8. d4
cxd4 9. cxd4 d5 10. e5 Ne4 11. Nfd2 Nxd2 12. Nxd2 Be7 13. Qg4 g6 14. Nf3 h6 15.
Bd2 Bb5 16. Re3 h5 17. Qg3 g5 18. h3 Rg8 19. a4 Bc6 20. h4 g4 21. Rb3 b5 22. a5
Rb8 23. Bb4 Bxb4 24. Rxb4 Qe7 25. Rb3 b4 26. Ng5 Rg7 27. Re3 Bb5 28. Rc1 Rxg5
29. hxg5 Qxg5 30. Ree1 Kd7 31. Qe3 Qg6 32. Rc5 h4 33. Rec1 Rb7 34. Qb3 Qe4 35.
Qc2 Qxc2 36. R1xc2 Bc4 37. Kh2 b3 38. Rd2 Rb8 39. f3 g3+ 40. Kh3 Rh8 41. Rd1 Rh7
42. Kg4 Rh8 43. Rc1 Rh7 44. Rh1 Rg7+ 45. Kf4 Rh7 46. Rc1 Rh8 47. Kg4 Rh7 48. Kh3
Rh8 49. Rc3 Rh7 50. Rc1 Rh8 51. Kg4 Rh7 52. Ra1 Rh8 53. Rd1 Rh7 54. Kf4 Rh8 55.
Rh1 Rh7 56. Rc1 Rh8 57. Kg4 Rh7 58. Kh3 Rh8 59. Rc3 Rh7 60. f4 Rh5 61. Rf3 Rh8
62. f5 Rh7 63. fxe6+ fxe6 64. Rf4 Bd3 65. Rxh4 Rg7 66. Rh5 Bf5+ 67. Rxf5 exf5
68. Rxd5+ Ke7 69. Rc5 Ke6 70. Rc6+ Kd5 71. Rxa6 Kxd4 72. Rh6 Kxe5 73. a6 f4 74.
Rh8 Ke4 75. Rf8 Ra7 76. Kg4 Rg7+ 77. Kh3 Kd3 78. Rxf4 Kc2 79. Ra4 Ra7 80. Kxg3
Kxb2 81. Kf4 Kc3 82. Ra1 b2 83. Rb1 Kc2 84. Rxb2+ Kxb2 85. g4 Kc3 86. g5 Kd3 87.
g6 Kd4 88. Kf5 Kd5 89. Kf6 Rxa6+ 90. Kf7 Ra7+ 91. Kf6 Ra6+ 92. Kf7 Ke5 93. g7
Ra7+ 94. Kg6 Rxg7+ 95. Kxg7 1/2-1/2

[Event "Mondiale Semilampo FIDE 2024"]
[Site "New York"]
[Date "28.12.2024"]
[Round "10.61"]
[White "Amartuvshin, Ganzorig"]
[Black "Le, Tuan Minh"]
[Result "0-1"]
[WhiteTitle "IM"]
[BlackTitle "GM"]
[WhiteElo "2392"]
[BlackElo "2598"]
[WhiteFideId "4902548"]
[BlackFideId "12401153"]
[EventDate "26.12.2024"]

1. d4 d5 2. c4 e6 3. Nc3 Bb4 4. Nf3 Nf6 5. cxd5 exd5 6. Bf4 Ne4 7. Rc1 Nc6 8. e3
g5 9. Bg3 h5 10. h4 g4 11. Nd2 Nxg3 12. fxg3 Bd6 13. Ne2 Ne7 14. Nf4 Nf5 15. Kf2
c6 16. Bd3 Bxf4 17. gxf4 g3+ 18. Kg1 Nxh4 19. Nf1 Qe7 20. b4 Bg4 21. Qe1 Bf5 22.
Qxg3 Bxd3 23. Qxh4 f6 24. Qh3 Kf7 25. Nd2 Rag8 26. a3 h4 27. Re1 Rh7 28. e4 dxe4
29. Qf5 Rhg7 30. Rh2 Qd6 31. Kh1 Qd5 32. Qxd5+ cxd5 33. Re3 Rg4 34. Reh3 Rxf4
35. Rxh4 e3 36. Rh7+ Bxh7 0-1

[Event "Mondiale Semilampo FIDE 2024"]
[Site "New York"]
[Date "28.12.2024"]
[Round "10.62"]
[White "Ohanyan, Emin"]
[Black "Brodsky, David"]
[Result "1/2-1/2"]
[WhiteTitle "GM"]
[BlackTitle "GM"]
[WhiteElo "2514"]
[BlackElo "2538"]
[WhiteFideId "13312022"]
[BlackFideId "2073250"]
[EventDate "26.12.2024"]

1. e4 c5 2. Nf3 d6 3. d4 cxd4 4. Qxd4 Nf6 5. Nc3 Nc6 6. Qd3 g6 7. Be2 Bg7 8. Nd5
O-O 9. O-O Nd7 10. c3 Nc5 11. Qc2 e6 12. Ne3 d5 13. exd5 exd5 14. Rd1 Be6 15.
Bc4 Ne7 16. h4 Rc8 17. h5 Qd7 18. Qe2 Ne4 19. Nxd5 Bxd5 20. Qxe4 Bxe4 21. Rxd7
Rxc4 22. Rxe7 Bc6 23. hxg6 hxg6 24. Ne5 Bxe5 25. Rxe5 f6 26. Re7 Rg4 27. g3 Rd8
28. Bf4 g5 29. Be3 f5 30. Bd4 f4 31. Rg7+ Kf8 32. Rh7 Rd5 33. Re1 fxg3 34. fxg3
Rxg3+ 35. Kh2 Rg4 36. Kh3 Rf4 37. Kg3 Rdf5 38. Rh8+ Kf7 39. Rh7+ Kf8 40. Be5 Re4
41. Rxe4 Bxe4 42. Bd6+ Kg8 43. Re7 Bc6 44. Kg4 Rf7 45. Re5 Rf2 46. b4 Kf7 47. b5
Rg2+ 48. Kh3 g4+ 49. Kh4 Bf3 50. Kg5 Re2 51. Rxe2 Bxe2 52. b6 axb6 53. Kf4 Ke6
54. Bb4 Kd5 55. a3 b5 56. Ke3 Bf3 57. Kf4 Bd1 58. Kg3 Bf3 59. Kf2 Ke4 60. Bf8
Kd3 61. Bb4 Ke4 62. Kg3 Kf5 63. Bc5 Ke4 64. Bd6 Kf5 65. Be7 Ke4 66. Bf8 Kd3 67.
Kf2 Kxc3 68. Kg3 Kc4 69. Kf2 Kd5 70. Kg3 Ke4 71. Bb4 Kf5 72. Ba5 Ke4 73. Bb4 Kf5
74. Ba5 Ke4 75. Bb4 Kf5 76. Ba5 1/2-1/2

[Event "Mondiale Semilampo FIDE 2024"]
[Site "New York"]
[Date "28.12.2024"]
[Round "10.63"]
[White "Sharshenbekov, Emir"]
[Black "Lou, Yiping"]
[Result "1/2-1/2"]
[WhiteTitle "CM"]
[BlackTitle "IM"]
[WhiteElo "2078"]
[BlackElo "2459"]
[WhiteFideId "13810634"]
[BlackFideId "8603928"]
[EventDate "26.12.2024"]

1. b3 Nf6 2. Bb2 c5 3. e3 e6 4. f4 Be7 5. Nf3 b6 6. Be2 Bb7 7. O-O O-O 8. d3 d6
9. h3 Nbd7 10. Qe1 Nd5 11. Qd2 Bf6 12. c3 e5 13. c4 Nc7 14. e4 exf4 15. Nc3 Ne6
16. Nd5 Be5 17. d4 cxd4 18. Nxd4 Ndc5 19. Bf3 Bxd5 20. exd5 Nxd4 21. Bxd4 a5 22.
Rab1 Qf6 23. Rfd1 Rfe8 24. Bf2 g6 25. a3 a4 26. b4 Nb3 27. Qd3 Bd4 28. Bxd4 Nxd4
29. Re1 Nxf3+ 30. Qxf3 Qd4+ 31. Kh2 Qxc4 32. Rbc1 Qd4 33. Rf1 g5 34. Rc7 Rac8
35. Rxc8 Rxc8 36. Qg4 Re8 37. Qxg5+ Qg7 38. Qxf4 Qe5 39. Qg3+ Qxg3+ 40. Kxg3 Re5
41. Kf4 Rxd5 42. Ke3 Kf8 43. Rc1 h5 44. Rc6 b5 45. g4 hxg4 46. hxg4 Ke7 47. Rb6
Ke6 48. Rb7 Re5+ 49. Kf4 Re2 50. Rxb5 Rf2+ 51. Ke3 Ra2 52. Ra5 Rxa3+ 53. Kd4 Rg3
54. g5 a3 55. Kc4 Kd7 56. Ra6 Rg4+ 57. Kb3 Rxg5 58. Kxa3 Rf5 59. Ka4 Rf1 60.
Ra7+ Kc6 61. b5+ Kd5 62. Rd7 Ra1+ 63. Kb4 f5 64. b6 Kc6 65. Rf7 Rb1+ 66. Kc3
Rxb6 67. Rxf5 1/2-1/2

[Event "Mondiale Semilampo FIDE 2024"]
[Site "New York"]
[Date "28.12.2024"]
[Round "10.64"]
[White "Smirnov, Mark"]
[Black "Gagunashvili, Merab"]
[Result "1-0"]
[WhiteTitle "FM"]
[BlackTitle "GM"]
[WhiteElo "2336"]
[BlackElo "2541"]
[WhiteFideId "13764594"]
[BlackFideId "13601652"]
[EventDate "26.12.2024"]

1. e4 e5 2. Nf3 Nc6 3. Bb5 a6 4. Ba4 Nf6 5. O-O Be7 6. d3 d6 7. c3 O-O 8. h3 b5
9. Bb3 Na5 10. Bc2 c5 11. d4 Qc7 12. d5 c4 13. Be3 Nb7 14. b4 cxb3 15. axb3 Nc5
16. Nfd2 Bb7 17. Qe2 Rfc8 18. b4 Ncd7 19. Bd3 Nb6 20. Rc1 Nfd7 21. Na3 f5 22. f3
Qd8 23. c4 fxe4 24. fxe4 Na4 25. cxb5 Nc3 26. Qf1 axb5 27. Nxb5 Rxa1 28. Rxa1
Bg5 29. Qf2 Bxe3 30. Qxe3 Nxb5 31. Bxb5 Nf6 32. Nc4 Rb8 33. Ra7 Bxd5 34. exd5
Rxb5 35. Qg5 Qf8 36. Nxd6 Rxd5 37. Rf7 Qxf7 38. Nxf7 Kxf7 39. Qc1 e4 40. Qc4 Ke6
41. b5 Ke5 42. b6 Nd7 43. Qc7+ Ke6 44. b7 Rd1+ 1-0

[Event "Mondiale Semilampo FIDE 2024"]
[Site "New York"]
[Date "28.12.2024"]
[Round "10.65"]
[White "Hardaway, Brewington"]
[Black "Kevlishvili, Robby"]
[Result "1-0"]
[WhiteTitle "IM"]
[BlackTitle "GM"]
[WhiteElo "2499"]
[BlackElo "2556"]
[WhiteFideId "30941849"]
[BlackFideId "1040634"]
[EventDate "26.12.2024"]

1. e4 e5 2. Nf3 Nc6 3. Bc4 d6 4. d4 Nf6 5. Nc3 Bg4 6. d5 Nd4 7. Be3 Nxf3+ 8.
gxf3 Bh5 9. Rg1 g6 10. Qd3 Bg7 11. O-O-O Bxf3 12. Bb5+ Kf8 13. Rde1 a6 14. Ba4
b5 15. Bb3 Bh5 16. h3 Nd7 17. a4 Nc5 18. Bxc5 dxc5 19. axb5 axb5 20. Qxb5 Ra1+
21. Kd2 Bh6+ 22. Kd3 Rxe1 23. Qxc5+ Kg7 24. Rxe1 Qh4 25. Qxc7 Qxh3+ 26. f3 Bf4
27. d6 Rc8 28. Qxf7+ Kh6 29. Nd5 Qxf3+ 30. Ne3 Qg3 31. Qf6 Bg5 32. Qf1 Rd8 33.
Bd5 Bf4 34. Qg1 Qh3 35. Qf1 Qc8 36. Nc4 Qa6 37. Ra1 Qb5 38. Ra5 Qb4 39. c3 Qb8
40. Ra8 Qxa8 41. Bxa8 Rxa8 42. Qg1 Rd8 43. Qb6 Rd7 44. Qc5 Rb7 45. Qd5 1-0

[Event "Mondiale Semilampo FIDE 2024"]
[Site "New York"]
[Date "28.12.2024"]
[Round "10.67"]
[White "Zhalmakhanov, Ramazan"]
[Black "Indjic, Aleksandar"]
[Result "0-1"]
[WhiteTitle "GM"]
[BlackTitle "GM"]
[WhiteElo "2486"]
[BlackElo "2647"]
[WhiteFideId "13706357"]
[BlackFideId "911925"]
[EventDate "26.12.2024"]

1. e4 c5 2. Nf3 e6 3. d4 cxd4 4. Nxd4 a6 5. Bd3 Bc5 6. Nb3 Be7 7. O-O d6 8. Qg4
g6 9. Qe2 Nf6 10. Bh6 Nc6 11. N1d2 e5 12. h3 Nh5 13. Qe3 g5 14. Be2 Nf4 15. Bg4
Bxg4 16. hxg4 Qc8 17. f3 Qe6 18. g3 Qxh6 19. gxf4 gxf4 20. Qb6 Rb8 21. Kg2 Qg7
22. Kf2 Bd8 0-1

[Event "Mondiale Semilampo FIDE 2024"]
[Site "New York"]
[Date "28.12.2024"]
[Round "10.68"]
[White "Urazayev, Arystanbek"]
[Black "Kobalia, Mikhail"]
[Result "1/2-1/2"]
[WhiteTitle "IM"]
[BlackTitle "GM"]
[WhiteElo "2470"]
[BlackElo "2543"]
[WhiteFideId "13709810"]
[BlackFideId "4119150"]
[EventDate "26.12.2024"]

1. e4 e5 2. Nf3 Nc6 3. Bc4 Be7 4. Nc3 Nf6 5. d3 d6 6. a4 O-O 7. Nd5 Nxd5 8. Bxd5
Kh8 9. h4 Bg4 10. c3 f5 11. Be3 Qd7 12. a5 Nd8 13. exf5 Qxf5 14. a6 c6 15. axb7
Rb8 16. Bb3 Rxb7 17. Bc2 Rxb2 18. Rxa7 Bf6 19. Qc1 Rb8 20. d4 Qh5 21. dxe5 dxe5
22. Ng5 Bxg5 23. Bxg5 Ne6 24. O-O Be2 25. Re1 Qg4 26. Bd1 Nxg5 27. hxg5 Bxd1 28.
Rxd1 Rf5 29. Rad7 Rbf8 30. Qd2 Rxg5 31. f3 Qf5 32. Rd8 h6 33. Rxf8+ Qxf8 34. Qe3
Qf5 35. Qd3 Kg8 36. Qxf5 Rxf5 37. Rd7 Rf4 38. Re7 Rc4 39. Rxe5 Rxc3 40. Re7 Kh7
41. Re6 h5 42. Kf2 Rc2+ 43. Kg3 g6 44. Re7+ Kh6 45. f4 Rc3+ 46. Kh4 Rc4 47. Kg3
Rc3+ 48. Kh4 Rc2 49. Kg3 c5 50. Rc7 c4 51. Kf3 c3 52. Ke4 h4 53. f5 gxf5+ 54.
Kxf5 Rc1 55. Rc6+ Kg7 56. Ke4 c2 57. Kd3 Rd1+ 58. Kxc2 Rg1 59. Kd2 Rxg2+ 60. Ke3
h3 61. Kf3 Rg5 62. Rc2 Kg6 63. Rh2 Rh5 64. Kg3 Kg5 65. Rxh3 Rxh3+ 66. Kxh3 1/2-1/2

[Event "Mondiale Semilampo FIDE 2024"]
[Site "New York"]
[Date "28.12.2024"]
[Round "10.69"]
[White "Corrales Jimenez, Fidel"]
[Black "Batsuren, Dambasuren"]
[Result "0-1"]
[WhiteTitle "GM"]
[BlackTitle "GM"]
[WhiteElo "2555"]
[BlackElo "2531"]
[WhiteFideId "3506690"]
[BlackFideId "4902920"]
[EventDate "26.12.2024"]

1. e4 c6 2. d4 d5 3. e5 c5 4. dxc5 e6 5. Nf3 Bxc5 6. Bd3 Nc6 7. O-O f6 8. Qe2
fxe5 9. Nxe5 Nxe5 10. Qxe5 Nf6 11. Bb5+ Kf7 12. Qe2 Bd6 13. Nd2 a6 14. Ba4 b5
15. Bb3 a5 16. c3 a4 17. Bc2 a3 18. Nf3 Re8 19. Ne5+ Kg8 20. b4 Qc7 21. Bf4 Qxc3
22. Rac1 Qxb4 23. g3 Bb7 24. Rfe1 Rad8 25. Bd3 Ne4 26. Rb1 Qd4 27. Bxe4 dxe4 28.
Red1 Qc5 29. Rbc1 Qb6 30. Be3 Qa6 31. Qh5 Bd5 32. Nf7 Rc8 33. Bd4 Bf8 34. Ng5 h6
35. Qf7+ Kh8 36. Rc7 e5 37. Qxd5 Rxc7 38. Nf7+ Rxf7 39. Qxf7 Rd8 40. Qf5 exd4
41. Qxe4 Qf6 42. Rd3 Qf7 43. Qe2 b4 44. h4 Re8 45. Qd2 Qd5 46. Kh2 Bc5 47. Qc2
Re1 48. f3 Re3 49. Qd1 Rxd3 50. Qxd3 Qxa2+ 0-1

[Event "Mondiale Semilampo FIDE 2024"]
[Site "New York"]
[Date "28.12.2024"]
[Round "10.70"]
[White "Andersen, Mads"]
[Black "Saraci, Nderim"]
[Result "1-0"]
[WhiteTitle "GM"]
[BlackTitle "IM"]
[WhiteElo "2592"]
[BlackElo "2431"]
[WhiteFideId "1413864"]
[BlackFideId "6351921"]
[EventDate "26.12.2024"]

1. e4 c5 2. Nf3 Nc6 3. Bb5 g6 4. O-O Bg7 5. Re1 Nf6 6. c3 O-O 7. d4 d5 8. e5 Ne4
9. Be3 cxd4 10. cxd4 f6 11. Nc3 Nxc3 12. bxc3 fxe5 13. Bxc6 e4 14. Bxd5+ Qxd5
15. Nd2 b5 16. a4 e5 17. axb5 exd4 18. Bxd4 Bxd4 19. cxd4 Bf5 20. Qb3 Qxb3 21.
Nxb3 Rfb8 22. Ra5 Bd7 23. Rxe4 Rxb5 24. Rxb5 Bxb5 25. Re5 a6 26. f3 Rd8 27. Kf2
Ba4 28. Nc5 Rxd4 29. Nxa6 Bc6 30. Nc5 Rd5 31. Rxd5 Bxd5 32. Ke3 Kf7 33. h4 Bc6
34. Kf4 h6 35. Ke5 Ke7 36. Ne4 Bb5 37. f4 Be2 38. g3 Kf7 39. Nd6+ Kg7 40. Ke6
Bd3 41. Ke7 Bc2 42. Ne8+ Kg8 43. Kf6 Kh7 44. Nc7 h5 45. Ne6 Kh6 46. Ng5 Bb3 47.
Nf7+ Kh7 48. Ne5 Bc2 49. Kf7 Bb3+ 50. Kf8 Ba2 51. Ke7 Kg7 52. Nd7 Bb3 53. Nc5
Ba2 54. Ne6+ Kh6 55. Kf6 Bb1 56. Nd4 Bd3 57. f5 Bb1 58. fxg6 Bxg6 59. Nf5+ Kh7
60. Kg5 Bf7 61. Ne3 Bg6 62. Nd5 Kg7 63. Nf4 Bc2 64. Nxh5+ Kf7 65. Nf4 Bb1 66. g4
Kg7 67. Nh5+ Kf7 68. Kh6 Bc2 69. g5 Bd3 70. Nf4 Be4 71. h5 Bf3 72. Nd3 Be4 73.
Ne5+ Ke6 74. Kg7 Kxe5 75. h6 Kf4 76. g6 Kg5 77. h7 1-0

[Event "Mondiale Semilampo FIDE 2024"]
[Site "New York"]
[Date "28.12.2024"]
[Round "10.71"]
[White "Manon, Reja Neer"]
[Black "Erenburg, Sergey"]
[Result "1-0"]
[WhiteTitle "IM"]
[BlackTitle "GM"]
[WhiteElo "2429"]
[BlackElo "2510"]
[WhiteFideId "10224009"]
[BlackFideId "2805642"]
[EventDate "26.12.2024"]

1. e4 c6 2. d4 d5 3. Nd2 dxe4 4. Nxe4 Bf5 5. Ng3 Bg6 6. Bc4 e6 7. N1e2 Nf6 8.
Nf4 Bd6 9. h4 Qc7 10. Qf3 Nbd7 11. c3 e5 12. Nxg6 fxg6 13. Be3 O-O-O 14. O-O-O
Rhf8 15. Ne4 Nxe4 16. Qxe4 Nf6 17. Qf3 e4 18. Qh3+ Kb8 19. Rhe1 Nd5 20. h5 Qf7
21. h6 gxh6 22. Bxh6 Rfe8 23. Re2 Qf6 24. Rde1 g5 25. Rxe4 Rxe4 26. Rxe4 Nf4 27.
Qh1 b5 28. g3 Nd5 29. Bxd5 cxd5 30. Re2 b4 31. Qh5 bxc3 32. Qxg5 Rf8 33. Re8+
Kb7 34. Rxf8 cxb2+ 35. Kb1 Qxg5 36. Rf7+ Qe7 37. Rxe7+ Bxe7 38. Kxb2 Kc6 39. Kc3
Kd7 40. g4 Bh4 41. f3 Bf2 42. Kd3 Ke6 43. Bg7 Kf7 44. Be5 Kg6 45. f4 h5 46. f5+
Kg5 47. f6 Be1 48. a3 Kg6 49. gxh5+ Kf7 50. h6 1-0

[Event "Mondiale Semilampo FIDE 2024"]
[Site "New York"]
[Date "28.12.2024"]
[Round "10.72"]
[White "Benjamin, Joel"]
[Black "Kacharava, Nikolozi"]
[Result "1/2-1/2"]
[WhiteTitle "GM"]
[BlackTitle "GM"]
[WhiteElo "2473"]
[BlackElo "2510"]
[WhiteFideId "2000091"]
[BlackFideId "13611860"]
[EventDate "26.12.2024"]

1. e4 e5 2. Nf3 Nc6 3. Bb5 a6 4. Ba4 Nf6 5. Nc3 b5 6. Bb3 Bc5 7. O-O O-O 8. d3
h6 9. Nd5 d6 10. Nxf6+ Qxf6 11. Bd5 Bd7 12. c3 Rad8 13. b4 Bb6 14. Be3 Ne7 15.
Nd2 Nxd5 16. exd5 Rb8 17. Qh5 c6 18. Ne4 Qe7 19. Bxb6 Rxb6 20. dxc6 Rxc6 21.
Rac1 f5 22. Nd2 Rfc8 23. c4 Be6 24. f4 bxc4 25. dxc4 e4 26. Rc3 Qa7+ 27. Kh1 Qd4
28. Rg3 Kh8 29. Rd1 Qf6 30. h3 Bf7 31. Qe2 Bxc4 32. Nxc4 Rxc4 33. Qd2 R8c6 34.
Qd5 Rc1 35. Kh2 Rxd1 36. Qxc6 Kh7 37. Qc8 d5 38. Ra3 Qd4 39. Qxf5+ Kg8 40. Qe6+
Kh7 41. Qf5+ g6 42. Qd7+ Qg7 43. Qe6 Qa7 44. b5 Qg1+ 45. Kg3 Qe1+ 46. Kh2 Qg1+
47. Kg3 Qe1+ 48. Kh2 Qg1+ 49. Kg3 1/2-1/2

[Event "Mondiale Semilampo FIDE 2024"]
[Site "New York"]
[Date "28.12.2024"]
[Round "10.73"]
[White "Rasulov, Vugar"]
[Black "Banh Gia Huy"]
[Result "1-0"]
[WhiteTitle "GM"]
[BlackTitle "IM"]
[WhiteElo "2504"]
[BlackElo "2422"]
[WhiteFideId "13402390"]
[BlackFideId "12424714"]
[EventDate "26.12.2024"]

1. d4 Nf6 2. Nf3 g6 3. Bg5 Bg7 4. Nbd2 O-O 5. e4 d5 6. exd5 Nxd5 7. Bc4 c5 8.
dxc5 Bxb2 9. O-O Nc6 10. Bh6 Bg7 11. Bxg7 Kxg7 12. Ne4 Nf6 13. Bd3 Qa5 14. Qd2
Qxd2 15. Nfxd2 Nd7 16. Nb3 Nde5 17. Bb5 a6 18. Ba4 Bf5 19. Rfe1 Rfd8 20. f4 Nc4
21. Bxc6 bxc6 22. c3 Na3 23. Rac1 Rd5 24. h3 Rad8 25. Ng5 h6 26. Nf3 e6 27. Nfd4
Rc8 28. c4 Rd7 29. Rc3 Bb1 30. Re2 a5 31. Nf3 Rd1+ 32. Kh2 Rd3 33. Rxd3 Bxd3 34.
Re3 Bf5 35. Nxa5 Nc2 36. Rc3 Ra8 37. Nxc6 Rxa2 38. Nce5 f6 39. Nc6 Be4 40. Nd8
Bxf3 41. Rxf3 Nd4 42. Rd3 e5 43. fxe5 fxe5 44. c6 Ra8 45. c7 Rc8 46. Rd2 Kf6 47.
Rf2+ Ke7 48. Nf7 Ke6 49. Nxh6 Rxc7 50. Ng4 Nf5 51. Rc2 e4 52. Rc3 Rc5 53. Rc1
Nd6 54. Ne3 Ke5 55. Kg3 Nf5+ 56. Kf2 Kf4 57. Rc3 Ke5 58. Rc1 Nd6 59. h4 Nf5 60.
g3 Ra5 61. Nxf5 Ra2+ 62. Kg1 Kxf5 63. c5 e3 64. c6 e2 65. Kf2 Ra8 66. c7 Rc8 67.
Kxe2 Kg4 68. Rc3 1-0

[Event "Mondiale Semilampo FIDE 2024"]
[Site "New York"]
[Date "28.12.2024"]
[Round "10.74"]
[White "Matviishen, Viktor"]
[Black "Schnaider, Ilan"]
[Result "1/2-1/2"]
[WhiteTitle "GM"]
[BlackTitle "IM"]
[WhiteElo "2566"]
[BlackElo "2392"]
[WhiteFideId "14129850"]
[BlackFideId "169013"]
[EventDate "26.12.2024"]

1. d4 Nf6 2. c4 c6 3. Nf3 d5 4. Nc3 dxc4 5. a4 Bf5 6. e3 e6 7. Bxc4 Bb4 8. O-O
O-O 9. Qe2 Bg6 10. Ne5 Nbd7 11. Nxg6 hxg6 12. Rd1 Qc7 13. Qc2 a5 14. Bd2 Rfe8
15. Rac1 Rad8 16. h3 Nf8 17. Qb3 g5 18. Qc2 Ng6 19. Ne4 Nxe4 20. Qxe4 Qe7 21. b3
Rb8 22. g3 Bxd2 23. Rxd2 Qb4 24. Qc2 Ne7 25. Rdd1 Red8 26. Kg2 Nd5 27. Be2 Ra8
28. Rh1 Nf6 29. Bf3 g6 30. Qc4 Qd6 31. Rb1 Kg7 32. b4 axb4 33. Rxb4 Ra7 34. Rhb1
Rd7 35. R4b3 e5 36. dxe5 Qxe5 37. h4 Qf5 38. hxg5 Qxg5 39. Rh1 Rd2 40. Rh4 Qe5
41. Qb4 Ra2 42. Qb6 R7xa4 43. Rxa4 Rxa4 44. Qxb7 c5 45. Rb2 Qd6 46. Qc8 Rb4 47.
Rc2 Rb5 48. Rc4 Rb2 49. Qxc5 Qd2 50. e4 Nd7 51. Qd4+ Qxd4 52. Rxd4 Ne5 53. Bd1
g5 54. Rd5 f6 55. Bh5 Kh6 56. Bd1 Kg7 57. Kf1 Nc4 58. Ke1 Rb1 59. Rd4 Ne5 60.
Ke2 Ra1 61. Bb3 Rb1 62. Be6 Rb2+ 63. Ke3 Rb6 64. Bf5 Rb3+ 65. Ke2 g4 66. Rd8
Rb2+ 67. Kf1 Nf3 68. Rd7+ Kf8 69. Rh7 Rb1+ 70. Ke2 Re1+ 71. Kd3 Ne5+ 72. Kd4
Rd1+ 73. Ke3 Re1+ 74. Kd2 Nf3+ 75. Kd3 Ne5+ 76. Kd4 Rd1+ 77. Kc5 Rd2 78. Rh4 Ke7
79. Bxg4 Rxf2 80. Rh7+ Kf8 81. Bf5 Rc2+ 82. Kd5 Nf7 83. Rh1 Ke7 84. Rd1 Nd6 85.
Bg6 Rc3 86. g4 Rg3 87. Bh5 Re3 88. Rd4 Rc3 89. Bg6 Nb5 90. Rb4 Nc7+ 91. Kd4 Rc1
92. Bf5 Rd1+ 93. Ke3 Re1+ 94. Kd2 Ra1 95. Rb6 Ra3 96. Rc6 Nb5 97. Re6+ Kf7 98.
Rb6 Nd4 99. Rb7+ Kf8 100. Bg6 Nf3+ 101. Kc2 Ne5 102. Bf5 Rg3 103. Rb6 Nxg4 104.
Bxg4 Rxg4 105. Rxf6+ Ke7 106. Rf3 1/2-1/2

[Event "Mondiale Semilampo FIDE 2024"]
[Site "New York"]
[Date "28.12.2024"]
[Round "10.75"]
[White "Chanda, Sandipan"]
[Black "Juksta, Karolis"]
[Result "1-0"]
[WhiteTitle "GM"]
[BlackTitle "IM"]
[WhiteElo "2480"]
[BlackElo "2403"]
[WhiteFideId "5004225"]
[BlackFideId "12809039"]
[EventDate "26.12.2024"]

1. d4 d5 2. Nf3 Nf6 3. Bf4 c5 4. e3 Nc6 5. Nbd2 Bg4 6. c3 e6 7. Qb3 Qc8 8. Nh4
Be7 9. h3 Bh5 10. g4 Bg6 11. Nxg6 hxg6 12. Be2 cxd4 13. exd4 a6 14. h4 b5 15. a4
Na5 16. Qd1 b4 17. Rc1 Qb7 18. Bf3 bxc3 19. bxc3 Rc8 20. Bg3 Ba3 21. Rc2 Qd7 22.
O-O Bd6 23. Qe2 Bxg3 24. fxg3 Qxa4 25. Qxa6 O-O 26. Qd3 Nc4 27. g5 Ne8 28. Nxc4
Qxc4 29. Qe3 Nd6 30. g4 Nb5 31. Rfc1 Qb3 32. h5 Rfe8 33. Qe5 Qa3 34. Be2 Nxc3
35. Bd3 Qb3 36. h6 f6 37. gxf6 gxh6 38. Bxg6 Rf8 39. f7+ Rxf7 40. Bxf7+ Kxf7 41.
Rf2+ Ke7 42. Rcf1 1-0

[Event "Mondiale Semilampo FIDE 2024"]
[Site "New York"]
[Date "28.12.2024"]
[Round "10.76"]
[White "Bologan, Victor"]
[Black "Hungaski, Robert"]
[Result "0-1"]
[WhiteTitle "GM"]
[BlackTitle "GM"]
[WhiteElo "2600"]
[BlackElo "2477"]
[WhiteFideId "13900048"]
[BlackFideId "2021030"]
[EventDate "26.12.2024"]

1. e4 e6 2. d4 d5 3. Nc3 Bb4 4. e5 c5 5. a3 Bxc3+ 6. bxc3 Nc6 7. Nf3 Qa5 8. Bd2
c4 9. Be2 Bd7 10. O-O h6 11. a4 O-O-O 12. Qc1 Kb8 13. Qa3 Ka8 14. Rfb1 Nge7 15.
Rb5 Qc7 16. a5 a6 17. Rbb1 Nc8 18. h4 N6a7 19. h5 Nb5 20. Qc1 Nca7 21. Nh4 Be8
22. f4 Qe7 23. Qe1 f5 24. g4 fxg4 25. Bxg4 g6 26. Kh2 gxh5 27. Bh3 Qf7 28. Qf2
Bd7 29. Rg1 Rdg8 30. Rxg8+ Rxg8 31. Rg1 Nc6 32. Rxg8+ Qxg8 33. f5 exf5 34. Nxf5
Qe6 35. Qh4 Ka7 36. Qxh5 Nxa5 37. Bg4 Nc6 38. Nxh6 Qe7 39. Bxd7 Qxd7 40. Qf5 Qe8
41. Nf7 a5 42. Kg3 a4 43. Nd6 Nxd6 44. exd6 Qg8+ 45. Kf2 a3 46. Bc1 a2 47. Bb2
Kb6 48. Qd7 Qg6 49. Qc7+ Ka6 50. d7 Qxc2+ 51. Ke3 Qxb2 0-1